Normal view
MARC view
Entry Personal Name
001 - CONTROL NUMBER
- control field: 1236736
003 - CONTROL NUMBER IDENTIFIER
- control field: OSt
005 - DATE AND TIME OF LATEST TRANSACTION
- control field: 20260430150203.0
008 - FIXED-LENGTH DATA ELEMENTS
- fixed length control field: 260430|| aca||aabn | a|a d
040 ## - CATALOGING SOURCE
- Original cataloging agency: OSt
- Transcribing agency: OSt
100 ## - HEADING--PERSONAL NAME
- Personal name: Patra Ganesh Au.; Chander Subhash Gu
670 ## - SOURCE DATA FOUND
- Source citation: Work cat.: (OSt)1849168: Patra Ganesh Au.; Chander Subhash Gu., Education of children with disabilities in Odisha, 2022
